000 00375pam a2200157a 44500
008 230515b2018 xxu||||| |||| 00| 0 eng d
020 _aNULL
041 _aENGLISH
082 _a617.96
100 _aBENNETT K
245 _aMONHEIMS LOCAL ANESTHESIA AND PAIN CONTROL IN DENTAL PRACTICE
250 _a7
260 _a
_bC B S PUB
_c2018
300 _a404
650 _aNULL
999 _c565098
_d565098